|
|
|
|
| LEADER |
00000cam a2200000 7i4500 |
| 001 |
0000039513 |
| 005 |
20131231.0 |
| 008 |
131231 |
| 020 |
|
|
|a 8173051011
|
| 090 |
0 |
0 |
|a 294.3
|b SIM
|
| 100 |
1 |
|
|a Simpson, William
|
| 245 |
1 |
4 |
|a The Buddhist praying-wheel
|c William Simpson
|
| 260 |
|
|
|a New Delhi :
|b Aryan Books International ,
|c 1996
|
| 440 |
|
|
|a The Masterpiece library of Buddhism 6
|
| 650 |
|
0 |
|a Buddhism
|x Doctrines
|
| 650 |
|
0 |
|a Buddhism
|x History
|
| 650 |
|
0 |
|a Buddhism
|x Law
|
| 650 |
|
0 |
|a Buddhism
|x Life experince
|
| 650 |
|
0 |
|a Buddhism
|x Player
|
| 650 |
|
0 |
|a Buddhism
|z Tibet
|
| 999 |
|
|
|a 0000752565
|b Book
|c Adult Collection
|e Cawangan Tmn. Ungku Tun Aminah
|
| 999 |
|
|
|a 0001257926
|b Book
|c Adult Collection
|e Perbadanan Perpustakaan Awam Johor
|